Technical writing : (Record no. 10901)
[ view plain ]
| 000 -LEADER | |
|---|---|
| fixed length control field | 01888cam a22003975a 4500 |
| 001 - CONTROL NUMBER | |
| control field | 1686855 |
| 003 - CONTROL NUMBER IDENTIFIER | |
| control field | EG-ScBUE |
| 005 - DATE AND TIME OF LATEST TRANSACTION | |
| control field | 20201128013526.0 |
| 007 - PHYSICAL DESCRIPTION FIXED FIELD--GENERAL INFORMATION | |
| fixed length control field | cr_||||||||||| |
| 008 - FIXED-LENGTH DATA ELEMENTS--GENERAL INFORMATION | |
| fixed length control field | 990629t1999 nyua f b 000 0 eng d |
| 020 ## - INTERNATIONAL STANDARD BOOK NUMBER | |
| International Standard Book Number | 9781576852675 |
| 020 ## - INTERNATIONAL STANDARD BOOK NUMBER | |
| International Standard Book Number | 1576852679 |
| 040 ## - CATALOGING SOURCE | |
| Original cataloging agency | EG-ScBUE |
| Language of cataloging | eng |
| Description conventions | rda |
| Transcribing agency | EG-ScBUE |
| Modifying agency | EG-ScBUE |
| 082 04 - DEWEY DECIMAL CLASSIFICATION NUMBER | |
| Classification number | 808.0666 |
| Item number | ZEL |
| Edition number | 22 |
| 100 1# - MAIN ENTRY--PERSONAL NAME | |
| Personal name | Zeleznik, Julie M, |
| Relator term | author. |
| 245 10 - TITLE STATEMENT | |
| Title | Technical writing : |
| Remainder of title | what it is & how to do it / |
| Statement of responsibility, etc | Julie M. Zeleznik, Iowa State University ; with contributions from Philippa J. Benson, National Institutes of Health, Rebecca E. Burnett, Iowa State University. |
| 246 3# - VARYING FORM OF TITLE | |
| Title proper/short title | Technical writing : |
| Remainder of title | what it is and how to do it |
| 264 #1 - PUBLICATION, DISTRIBUTION, ETC. (IMPRINT) | |
| Place of publication, distribution, etc | New York : |
| Name of publisher, distributor, etc | Learning Express, |
| Date of publication, distribution, etc | [1999] |
| 264 #4 - PUBLICATION, DISTRIBUTION, ETC. (IMPRINT) | |
| Date of publication, distribution, etc | c 1999 |
| 300 ## - PHYSICAL DESCRIPTION | |
| Extent | 251 pages : |
| Other physical details | illustrations ; |
| Dimensions | 24 cm |
| 336 ## - CONTENT TYPE | |
| Source | rdacontent |
| Content type term | text |
| Content type code | txt |
| 337 ## - MEDIA TYPE | |
| Source | rdamedia |
| Media type term | unmediated |
| Media type code | n |
| 338 ## - CARRIER TYPE | |
| Source | rdacarrier |
| Carrier type term | volume |
| Carrier type code | nc |
| 500 ## - GENERAL NOTE | |
| General note | Includes appendices. |
| 504 ## - BIBLIOGRAPHY, ETC. NOTE | |
| Bibliography, etc | Includes bibliographical references. |
| 520 ## - SUMMARY, ETC. | |
| Summary, etc | Teaches the art of technical writing by illustrating how to take complex, arcane, sophisticated, or elaborate technical information and put it into a format that can be understood. Comprehensive resource is designed to help individuals master communication in technical information and increase their employee value in today's high-tech workplace. Includes the secrets of the best technical writers. |
| 590 ## - LOCAL NOTE (RLIN) | |
| Local note | Bassant Morgan |
| 650 #7 - SUBJECT ADDED ENTRY--TOPICAL TERM | |
| Topical term or geographic name as entry element | Technical writing. |
| Source of heading or term | BUEsh |
| 653 ## - INDEX TERM--UNCONTROLLED | |
| Resource For college | Humanities: English |
| Arrived date list | July2019 |
| 655 ## - INDEX TERM--GENRE/FORM | |
| Form subdivision | Reading book |
| 9 (RLIN) | 34232 |
| 700 1# - ADDED ENTRY--PERSONAL NAME | |
| Personal name | Benson, Philippa Jane, |
| Relator term | author. |
| 9 (RLIN) | 2166 |
| 700 1# - ADDED ENTRY--PERSONAL NAME | |
| Personal name | Burnett, Rebecca E, |
| Dates associated with a name | 1947- |
| Relator term | author. |
| 9 (RLIN) | 2167 |
| 856 41 - ELECTRONIC LOCATION AND ACCESS | |
| Uniform Resource Identifier | <a href="http://www.netLibrary.com/urlapi.asp?action=summary&v=1&bookid=28799">http://www.netLibrary.com/urlapi.asp?action=summary&v=1&bookid=28799</a> |
| 942 ## - ADDED ENTRY ELEMENTS (KOHA) | |
| Source of classification or shelving scheme | Dewey Decimal Classification |
| Koha item type | Book - Borrowing |
| Withdrawn status | Lost status | Source of classification or shelving scheme | Damaged status | Not for loan | Collection code | Home library | Current library | Shelving location | Date acquired | Source of acquisition | Cost, normal purchase price | Serial Enumeration / chronology | Total Checkouts | Total Renewals | Full call number | Barcode | Date last seen | Date checked out | Price effective from | Koha item type |
|---|---|---|---|---|---|---|---|---|---|---|---|---|---|---|---|---|---|---|---|---|
| Dewey Decimal Classification | Central Library | Central Library | Second Floor | 19/02/2009 | 115.00 | 6195 | 7 | 5 | 808.0666 ZEL NR | 000014849 | 15/07/2025 | 27/09/2011 | 19/02/2009 | Book - Borrowing |